000 01493nam a22001577a 4500
999 _c521550
_d521550
008 230213b ||||| |||| 00| 0 eng d
100 _aJain, Avi Anuj
_937293
245 _aIn the pursuit of happiness: Observations of young Tibetan refugees in exile, India
260 _aSouth Asian Survey
300 _a29(1), Mar, 2022: p.42-60
520 _aRefugees often experience adverse circumstances as a consequence of displacement from their homes due to conflict, directly affecting their happiness and well-being. This study focuses on Tibetan refugees because of their relatively successful transition into other parts of the world, their effective advocacy to improve their plight and the gradual reduction of repression on the part of China’s government against them. The literature reveals that happiness among refugees is usually a consequence of the interplay of various factors in their destination country. This study seeks to verify the exact nature of these claims by considering the influence life satisfaction, life orientation and the environment has on the happiness of young Tibetan refugees in India. The study concludes with recommendations for stakeholders, including relief organizations, psychologists and counsellors. – Reproduced
650 _aSocio-environmental dynamics, Tibetan refugees, Tibetans in exile, India, Life satisfaction, Life orientation, South Asian refugees.
_935420
773 _aSouth Asian Survey
906 _aREFUGEES
942 _cAR